UBT Library

personal finance / (Record no. 44253)

000 -LEADER
fixed length control field 00577pam a2200217 a 4500
001 - CONTROL NUMBER
control field 1896801
005 - DATE AND TIME OF LATEST TRANSACTION
control field 20180307033824.0
008 - FIXED-LENGTH DATA ELEMENTS--GENERAL INFORMATION
fixed length control field 840813s1985 maua b 001 0 eng
010 ## - LIBRARY OF CONGRESS CONTROL NUMBER
LC control number 84018529
020 ## - INTERNATIONAL STANDARD BOOK NUMBER
International Standard Book Number 0205083668 :
Terms of availability $21.00
040 ## - CATALOGING SOURCE
Original cataloging agency DLC
Transcribing agency DLC
Modifying agency DLC
041 ## - LANGUAGE CODE
Language code of text/sound track or separate title eng
080 ## - UNIVERSAL DECIMAL CLASSIFICATION NUMBER
Universal Decimal Classification number 332.024 jef
082 00 - DEWEY DECIMAL CLASSIFICATION NUMBER
Classification number 332.024 jef
Edition number 19
100 ## - Rafti
Rafti 56
101 ## - Shkurtesa
Shkurtesa fin
245 00 - TITLE STATEMENT
Title personal finance /
Statement of responsibility, etc Carlene Creviston ... [et al.].
504 ## - BIBLIOGRAPHY, ETC. NOTE
Bibliography, etc Includes bibliographies and index.
906 ## - LOCAL DATA ELEMENT F, LDF (RLIN)
a 7
b cbc
c orignew
d 1
e ocip
f 19
g y-gencatlg
942 ## - ADDED ENTRY ELEMENTS (KOHA)
Source of classification or shelving scheme
Item type Books
Holdings
Withdrawn status Lost status Source of classification or shelving scheme Damaged status Not for loan Collection code Permanent location Current location Shelving location Date acquired Total Checkouts Full call number Barcode Date last seen Price effective from Koha item type
          Koleksioni i përgjithshem UBT - Lipjan UBT - Lipjan Koleksioni i përgjithshem 03/07/2018   332.024 jef 002-3001035 03/07/2018 03/07/2018 Books
UBT Library © 2015-2024. All rights reserved University Education for Business and Technology